Study of human settlement growth (Record no. 10157)

000 -LEADER
fixed length control field 00443pab a2200157 454500
008 - FIXED-LENGTH DATA ELEMENTS--GENERAL INFORMATION
fixed length control field 180718b1990 xxu||||| |||| 00| 0 eng d
100 ## - MAIN ENTRY--PERSONAL NAME
Personal name Sokhi, B.S.
245 ## - TITLE STATEMENT
Title Study of human settlement growth
Remainder of title Using computer aided remote sensing techniques
260 ## - PUBLICATION, DISTRIBUTION, ETC.
Date of publication, distribution, etc. 1990
300 ## - PHYSICAL DESCRIPTION
Extent 61-9
362 ## - DATES OF PUBLICATION AND/OR SEQUENTIAL DESIGNATION
Dates of publication and/or sequential designation Sept.
650 ## - SUBJECT ADDED ENTRY--TOPICAL TERM
Topical term or geographic name entry element Housing - India
700 ## - ADDED ENTRY--PERSONAL NAME
Personal name S.K. Mittal
773 ## - HOST ITEM ENTRY
Main entry heading Journal of the Institute of Town Planners, India
909 ## -
-- 10157
Holdings
Withdrawn status Lost status Damaged status Not for loan Permanent Location Current Location Date acquired Serial Enumeration / chronology Barcode Date last seen Price effective from Koha item type
        Indian Institute of Public Administration Indian Institute of Public Administration 2018-07-19 Volume no: 9, Issue no: 1 AR10186 2018-07-19 2018-07-19 Articles

Powered by Koha